MARC details
| 000 -LEADER |
| fixed length control field |
01088nam a2200253Ia 4500 |
| 003 - CONTROL NUMBER IDENTIFIER |
| control field |
IN-BaIIA |
| 008 - FIXED-LENGTH DATA ELEMENTS--GENERAL INFORMATION |
| fixed length control field |
211028s9999 xx 000 0 eng d |
| 020 ## - INTERNATIONAL STANDARD BOOK NUMBER |
| International Standard Book Number |
1-58381-048-X |
| 040 ## - CATALOGING SOURCE |
| Transcribing agency |
IIA Library |
| 080 ## - UNIVERSAL DECIMAL CLASSIFICATION NUMBER |
| Universal Decimal Classification number |
082.2:52 |
| Item number |
IAU-198 |
| 111 ## - MAIN ENTRY--MEETING NAME |
| Meeting name or jurisdiction name as entry element |
Symposium of the International Astronomical Union |
| Number of part/section/meeting |
198th |
| Location of meeting |
Brazil |
| Date of meeting or treaty signing |
1999 Nov. 21-27 |
| 9 (RLIN) |
28607 |
| 245 #4 - TITLE STATEMENT |
| Title |
The light elements and their evolution |
| Remainder of title |
proceedings of the 198th symposium of the IAU held in Natal, Brazil, 21-27 Nov 1999 |
| Statement of responsibility, etc. |
edited by L. Da Silva, M. Spite and J. R. De Medeiros |
| 260 ## - PUBLICATION, DISTRIBUTION, ETC. |
| Place of publication, distribution, etc. |
California |
| Name of publisher, distributor, etc. |
Astronomical Society of the Pacific |
| Date of publication, distribution, etc. |
2000 |
| 300 ## - PHYSICAL DESCRIPTION |
| Extent |
xv; 590p. |
| 490 ## - SERIES STATEMENT |
| Series statement |
IAU Symposium; no. 198 |
| 650 ## - SUBJECT ADDED ENTRY--TOPICAL TERM |
| Topical term or geographic name entry element |
abundances - D, He, Lithium, Beryllium, Boron |
| 9 (RLIN) |
25184 |
| 650 ## - SUBJECT ADDED ENTRY--TOPICAL TERM |
| Topical term or geographic name entry element |
evolution - light elements |
| 9 (RLIN) |
25185 |
| 650 ## - SUBJECT ADDED ENTRY--TOPICAL TERM |
| Topical term or geographic name entry element |
production and destruction - elements |
| 9 (RLIN) |
25186 |
| 700 ## - ADDED ENTRY--PERSONAL NAME |
| Personal name |
Da Silva, L., ed. |
| 9 (RLIN) |
25187 |
| 700 ## - ADDED ENTRY--PERSONAL NAME |
| Personal name |
De Medeiros, J. R., ed. |
| 9 (RLIN) |
25188 |
| 700 ## - ADDED ENTRY--PERSONAL NAME |
| Personal name |
Spite, M., ed. |
| 9 (RLIN) |
25189 |
| 710 ## - ADDED ENTRY--CORPORATE NAME |
| Corporate name or jurisdiction name as entry element |
Astronomical Society of the Pacific |
| 9 (RLIN) |
1154 |
| 942 ## - ADDED ENTRY ELEMENTS (KOHA) |
| Koha item type |
Books |